| 000 | 00492nam a2200157 i 4500 | ||
|---|---|---|---|
| 001 | 46064 | ||
| 003 | ES-MaACL | ||
| 005 | 20230906161326.0 | ||
| 007 | t| | ||
| 008 | 030327s1968 sp ||||1| spa d | ||
| 111 | 2 |
_aConcurso de Ganado Bovino ( _n11º. _d1968. _cTorrelavega) _9128 |
|
| 245 | 1 | 0 |
_aXI Concurso de Ganado Bovino _b: reglamento, programa y catálogo. |
| 260 |
_aSantander : _bDiputación Provincial, _c1968. |
||
| 300 |
_a55 p. ; _c21 cm. |
||
| 852 |
_aES-MaACL _jC-47295 _bR.67334 |
||
| 999 |
_c46064 _d46064 |
||